书目信息 |
| 题名: |
红墙纪事
|
|
| 作者: | 李健 编著 | |
| 分册: | 中 | |
| 出版信息: | 北京 中国言实出版社 1996 |
|
| 页数: | 483-1020页 | |
| 开本: | 20cm | |
| 丛书名: | ||
| 单 册: | ||
| 中图分类: | D65 | |
| 科图分类: | ||
| 主题词: | 政治运动--中国 , 政治事件--中国 | |
| 电子资源: | ||
| ISBN: | 7-80128-043-1 | |
| 000 | 00588nam0 2200217 45 | |
| 001 | 0197001684 | |
| 005 | 20041210104626.3 | |
| 010 | @a7-80128-043-1@dCNY73.80 | |
| 100 | @a19970108d1996 em y0chiy0121 ea | |
| 101 | 0 | @achi |
| 102 | @aCN@b110000 | |
| 105 | @af z 000zd | |
| 200 | 10 | @a红墙纪事@Ahong qiang ji shi@h中@f李健编著@FLi Jian Bian Zhu |
| 210 | @a北京@c中国言实出版社@d1996 | |
| 215 | @a483-1020页@c照片@d20cm | |
| 606 | @a政治运动@x中国 | |
| 606 | 0 | @a政治事件@x中国 |
| 690 | @aD65@v3 | |
| 701 | 0 | @a李健@4编著 |
| 801 | 0 | @aCN@bnlc@c19970226 |
| 905 | @dD65@e8:2@f1@b273554 | |
| 红墙纪事.中/李健编著.-北京:中国言实出版社,1996 |
| 483-1020页:照片;20cm |
| ISBN 7-80128-043-1:CNY73.80 |
| ● |
| 相关链接 |
|
|
|
|
正题名:红墙纪事
索取号:D65/8:2
 
预约/预借
| 序号 | 登录号 | 条形码 | 馆藏地/架位号 | 状态 | 备注 |
| 1 | 0273554 | 001469912 | 第一借阅区/ [索取号:D65/8:2] | 在馆 | |
| 2 | 0273555 | 001653507 | 第一借阅区/ [索取号:D65/8:2] | 在馆 | |
| 3 | 0273556 | 202392106 | 第一样本阅览室/ [索取号:D65/8:2] | 在馆 |